Consumer culture and the media : (Record no. 26993)
[ view plain ]
| 000 -LEADER | |
|---|---|
| fixed length control field | 03317cam a22003615a 4500 |
| 001 - CONTROL NUMBER | |
| control field | 016076440 |
| 003 - CONTROL NUMBER IDENTIFIER | |
| control field | Uk |
| 005 - DATE AND TIME OF LATEST TRANSACTION | |
| control field | 20181114133801.0 |
| 008 - FIXED-LENGTH DATA ELEMENTS--GENERAL INFORMATION | |
| fixed length control field | 120423s2012 enka frb 001 0 eng d |
| 015 ## - NATIONAL BIBLIOGRAPHY NUMBER | |
| National bibliography number | GBB242033 |
| Source | bnb |
| 016 7# - NATIONAL BIBLIOGRAPHIC AGENCY CONTROL NUMBER | |
| Record control number | 016076440 |
| Source | Uk |
| 020 ## - INTERNATIONAL STANDARD BOOK NUMBER | |
| International Standard Book Number | 9780230303683 (hbk.) |
| 020 ## - INTERNATIONAL STANDARD BOOK NUMBER | |
| International Standard Book Number | 0230303684 (hbk.) |
| 040 ## - CATALOGING SOURCE | |
| Original cataloging agency | StDuBDS |
| Language of cataloging | eng |
| Transcribing agency | StDuBDS |
| Modifying agency | Uk |
| -- | EG-ScBUE |
| 042 ## - AUTHENTICATION CODE | |
| Authentication code | ukblcatcopy |
| 082 04 - DEWEY DECIMAL CLASSIFICATION NUMBER | |
| Classification number | 658.8342 |
| Item number | IQA |
| Edition number | 22 |
| 100 1# - MAIN ENTRY--PERSONAL NAME | |
| Personal name | Iqani, Mehita. |
| 9 (RLIN) | 41933 |
| 245 10 - TITLE STATEMENT | |
| Title | Consumer culture and the media : |
| Remainder of title | magazines in the public eye / |
| Statement of responsibility, etc | Mehita Iqani. |
| 250 ## - EDITION STATEMENT | |
| Edition statement | 1st ed. |
| 260 ## - PUBLICATION, DISTRIBUTION, ETC. (IMPRINT) | |
| Place of publication, distribution, etc | Basingstoke ; |
| -- | New York : |
| Name of publisher, distributor, etc | Palgrave Macmillan, |
| Date of publication, distribution, etc | 2012. |
| 300 ## - PHYSICAL DESCRIPTION | |
| Extent | x, 190 p. : |
| Other physical details | ill. ; |
| Dimensions | 23 cm. |
| 504 ## - BIBLIOGRAPHY, ETC. NOTE | |
| Bibliography, etc | Includes bibliographical references and index. |
| 505 0# - FORMATTED CONTENTS NOTE | |
| Formatted contents note | Cover; Contents; List of Figures; Acknowledgements; Media in Consumer Culture: An Introduction; The genre of consumer magazines; Magazine covers on newsstands; Scope and arrangement of this book; 1 The Public, Identity and Power in Mediated Consumer Culture; The public in consumer culture; Consumption and identity; Power dynamics of consumer culture; The dialectics of mediated consumer culture; 2 A Research Approach for Mediated Consumer Culture; Participant observation in mediated spaces of consumption; Analysing consumer media texts. The dialectic between ethnographic and text analysis methodologies3 Media Retail Spaces as Multimodal Spectacles: The Case of the Newsstand; The social dynamics of newsstands; The spectacular semiotics of newsstands; Media retail spectacles in consumer culture; 4 Glossiness in Hyperreal Celebrity Portraiture; Celebrities on the magazine cover; Producing 'perfection': The mechanics of glossiness; The discursive power of celebrity glossiness; Glossiness in consumer media; 5 Commodity Choice and Commercial Heteroglossia in Consumer Media; Superlative objects: Commodities on the cover. Commodity-centred lifestyle scenes and narrativesVoice, choice and commercial heteroglossia; 6 Sexiness and Selling: Consumerism's Pornographic Imagination; Beautiful bodies on display; Visual consumption and the sexualized gaze; The functions of the pornographic imagination in consumer media; 7 Paper Mirrors: Images of Ideal Consumers; Face value: Hyperreal faces as ideal types; I contact: The language of direct address; The functions of paper mirroring in consumer media; 8 Media Strategies for Selling Consumer Culture: A Conclusion; Selling consumerism. Consumer culture, media and the publicMediated consumer culture, identity and power; Future opportunities in the study of mediated consumer culture; References; Index.<br/> |
| 520 ## - SUMMARY, ETC. | |
| Summary, etc | How did consumer culture become synonymous with westernised societies? Iqani argues that it is the way it is promoted by media texts. She provides a detailed analysis of publicly displayed consumer magazine covers and engages with big questions about the public, power and identity in mediated consumer culture.<br/> |
| 650 #7 - SUBJECT ADDED ENTRY--TOPICAL TERM | |
| Topical term or geographic name as entry element | Consumption (Economics) |
| General subdivision | Social aspects. |
| Source of heading or term | BUEsh |
| 9 (RLIN) | 37750 |
| 650 #7 - SUBJECT ADDED ENTRY--TOPICAL TERM | |
| Topical term or geographic name as entry element | Consumer behavior |
| General subdivision | Psychological aspects. |
| Source of heading or term | BUEsh |
| 9 (RLIN) | 36888 |
| 650 #7 - SUBJECT ADDED ENTRY--TOPICAL TERM | |
| Topical term or geographic name as entry element | Magazine covers |
| General subdivision | Social aspects. |
| Source of heading or term | BUEsh |
| 650 #7 - SUBJECT ADDED ENTRY--TOPICAL TERM | |
| Topical term or geographic name as entry element | Mass media |
| General subdivision | Influence. |
| Source of heading or term | BUEsh |
| 651 ## - SUBJECT ADDED ENTRY--GEOGRAPHIC NAME | |
| Source of heading or term | BUEsh |
| 653 ## - INDEX TERM--UNCONTROLLED | |
| Resource For college | Communication and mass media |
| Arrived date list | November2018 |
| 655 ## - INDEX TERM--GENRE/FORM | |
| Form subdivision | Reading book |
| 942 ## - ADDED ENTRY ELEMENTS (KOHA) | |
| Source of classification or shelving scheme | Dewey Decimal Classification |
| Withdrawn status | Item status | Source of classification or shelving scheme | Damaged status | Not for loan | Vendor | Home library | Current library | Shelving location | Date acquired | Source of acquisition | Cost, normal purchase price | Total Checkouts | Full call number | Barcode | Date last seen | Koha item type |
|---|---|---|---|---|---|---|---|---|---|---|---|---|---|---|---|---|
| Dewey Decimal Classification | Baccah | Central Library | Central Library | First floor | 14/11/2018 | Purchase | 480.00 | 658.8342 IQA | 000043924 | 11/06/2024 | NB - Book (Non borrowing) | |||||
| Dewey Decimal Classification | Baccah | Central Library | Central Library | First floor | 14/11/2018 | Purchase | 658.8342 IQA | 000043925 | 15/07/2025 | Book - Borrowing | ||||||
| Dewey Decimal Classification | Baccah | Central Library | Central Library | First floor | 14/11/2018 | Purchase | 658.8342 IQA | 000043926 | 15/07/2025 | Book - Borrowing |